The Prince

Spremljeno u:
Bibliografski detalji
Glavni autor: Machiavelli, Niccolò
Format: Knjiga
Jezik:English
Izdano: London David Campbell publishers 1992
Serija:Everyman's library
Teme:
Oznake: Dodaj oznaku
Bez oznaka, Budi prvi tko označuje ovaj zapis!
Thư viện lưu trữ: Trung tâm Học liệu Lê Vũ Hùng, Trường Đại học Đồng Tháp
LEADER 00771pam a22002538a 4500
001 00025298
005 20171026081025.0
008 110802s1992 ||||||engsd
041 0 # |a eng 
082 1 4 |a 858  |b TH200P 
100 1 # |a Machiavelli, Niccolò 
245 1 4 |a The Prince  |c Niccolò Machiavelli 
260 # # |a London  |b David Campbell publishers  |c 1992 
300 # # |a xxxi,190 p.  |c 21 cm. 
490 # # |a Everyman's library 
504 # # |a Includes bibliographical references (p. XXV - XXVII) 
650 # 4 |a Chính luận 
650 # 4 |a Italia 
650 # 4 |a Văn học trung đại 
852 # # |b Kho đọc  |j KD.0008402 
852 # # |j KD.0008402 
910 |d 02/08/2011 
980 # # |a Trung tâm Học liệu Lê Vũ Hùng, Trường Đại học Đồng Tháp